01010nam a2200313 c 450000100060000000300070000600500170001300700030003000800410003301700520007402000180012604000290014408000210017308000110019408400100020510000430021524500640025825000420032226400410036426400110040530000920041633600400050833700330054833800280058149000190060965000090062865500370063765500220067460480SpMaBN20260306143944.0ta231214s2023 sp a | |||| 000 1 spa  aB 1591-2023bOficina Depósito Legal Barcelona a9788492615391 aSpMaBNbspacSpMaBNerda a821.134.2-91"20" a741.52 aH TOR1 aTorices, Marcd1989-edibujanteeautor13aCornelius :bla alegre vida del triste perro/cMarc Torices aSegunda edición: septiembre de 2023 1a[Barcelona]bApa-Apa Comics,c[2023] 4c©2023 a392 páginas sin numerarbprincipalmente ilustraciones (blanco y negro y color)c27 cm aImagen fijaaTexto2rdacontentbtxt asin mediación2rdamediabn avolumen2rdacarrierbnc0 aCorneliusv[1] 2LEMB 7aCómics de animales humanizados 7aCómics sociales